The voyages of the Discovery: The illustrated history of Scott's ship

Uloženo v:
Podrobná bibliografie
Hlavní autor: Savours, Ann (Autor)
Médium: Kniha
Jazyk:angličtina
Vydáno: Londres Chatham Publishing 2001
Vydání:1a. ed
Témata:
Tagy: Přidat tag
Žádné tagy, Buďte první, kdo vytvoří štítek k tomuto záznamu!

MARC

LEADER 00000nam a2200000 a 4500
001 UCH4923
003 CL-VaPUC
008 090910e20010000UK |||||||||||||||||eng|d
020 |a 186176149X 
082 0 4 |a 910.4  |b SAV  |2 21 
100 0 |a Savours, Ann  |e author  |9 540963 
245 1 4 |a The voyages of the Discovery: The illustrated history of Scott's ship 
250 |a 1a. ed 
300 |a 160 p 
942 |c BK 
945 |d 20090910 00:00:00  |a dcastane 
260 |a Londres  |b Chatham Publishing  |c 2001 
650 0 |a Viajes  |9 257115 
650 0 |a Descubrimientos geográficos  |9 331933 
650 0 |a Expediciones científicas  |9 265222 
650 0 |a Oceanografía  |9 260014 
650 7 |a EXPEDICIONES POLARES  |2 CL-VaPUC  |9 505647 
651 0 |a Antártica (Antártida)  |9 324088 
651 0 |a Polo Sur   |9 262122 
583 |a last modification  |c 20111205 11:06:24  |k Rodrigo Vera 
999 |c 336154  |d 336152 
952 |0 0  |1 0  |4 0  |6 910_400000000000000_SAV_2001  |7 0  |8 X  |9 427130  |a FDOBUD  |b FDOBUD  |d 2019-11-22  |i 459858K  |o 910.4 SAV 2001  |p 459858K  |r 2019-11-22  |w 2019-11-22  |y BK_X  |k BUD